|
|
|
|
| LEADER |
01435nam a22002777a 4500 |
| 001 |
44334 |
| 003 |
BD-DhAAL |
| 005 |
20250428151843.0 |
| 008 |
250427t2019 bg a|||| |||| 00| 0 eng d |
| 020 |
|
|
|a 9789843437884
|
| 040 |
|
|
|a BD-DhAAL
|d BD-DhAAL
|
| 041 |
|
|
|a ben
|a eng
|
| 082 |
|
|
|a 305.23095492
|2 21
|
| 245 |
|
|
|a Lives of adolescent girls in urban slums /
|c BRAC James P Grant School of public health, BRAC University.
|
| 246 |
|
|
|a নগরবস্তিতে কিশোরী জীবন
|
| 260 |
|
|
|a Dhaka :
|b BRAC James P Grant School of public health (BRAC JPGPH)
|c 2019.
|
| 300 |
|
|
|a 162 pages :
|b illustrations ;
|c 19 cm
|
| 541 |
|
|
|a Donated by Professor Syed Mahfuzul Aziz (Former Pro Vice-Chancellor of BRAC University)
|e 44334
|
| 650 |
|
|
|a Girls
|z Bangladesh
|v Social conditions.
|9 58188
|
| 650 |
|
|
|a Child marriage
|z Bangladesh.
|9 58189
|
| 650 |
|
|
|a Teenage girls
|x Nutrition
|z Bangladesh.
|9 58190
|
| 650 |
|
|
|a Teenage girls
|x Mental health
|z Bangladesh.
|9 58193
|
| 710 |
|
|
|a BRAC James P Grant School of public health, BRAC University.
|9 58133
|
| 942 |
|
|
|2 ddc
|c BK
|
| 999 |
|
|
|c 47293
|d 47293
|
| 952 |
|
|
|0 0
|1 0
|2 ddc
|4 0
|6 305_230954920000000_LIV
|7 0
|9 77670
|a BRACUL
|b BRACUL
|c GEN
|d 2025-04-27
|e Donated by Professor Syed Mahfuzul Aziz (Former Pro Vice-Chancellor of BRAC University)
|l 0
|o 305.23095492 LIV
|p 3010044334
|r 2025-04-27
|t 1
|w 2025-04-27
|y BK
|x Donated by Professor Syed Mahfuzul Aziz (Former Pro Vice-Chancellor of BRAC University)
|